000 00643nam a2200229Ia 4500
003 OSt
005 20221005133832.0
006 a|||||r|||| 00| 0
007 ta
008 221004b |||||||| |||| 00| 0 pan d
024 _a62993
037 _cTextual
040 _aCRL
_cCRL
_bpan
041 _2pan
_apan
082 _aO153,2NGI3x, L7
100 _aਸੁਤੰਤਰ ਗਿਆਨੀ
245 0 _aਮੋਇਆਂ ਸਾਥ ਨ ਜਾਈ
260 _c1977
650 _aਪੰਜਾਬੀ ਸਾਹਿਤ
942 _hO153,2NGI3x, L7
_cTEXL
_2cc
999 _c1068035
_d1068035